[Event "Dhaka Zia Memorial"]
[Site "Dhaka"]
[Date "2025.07.11"]
[Round "9"]
[White "Ghosh, Chanchal Kumer"]
[Black "Siam, Chowdhury"]
[Result "1-0"]
[WhiteElo "2018"]
[BlackElo "2032"]
[PlyCount "71"]
[EventDate "2025.07.05"]
[EventType "swiss"]
[EventRounds "9"]
[EventCountry "BAN"]
[SourceTitle "CB29_2025"]
[SourceDate "2025.07.16"]
[SourceVersion "1"]
[SourceVersionDate "2025.07.16"]
[SourceQuality "1"]

1. e4 c5 2. Nf3 d6 3. d4 cxd4 4. Nxd4 Nf6 5. Nc3 a6 6. Rg1 e5 7. Nb3 Be6 8. Bg5 Be7 9. Qd2 Nbd7 10. 0-0-0 h6 11. Bh4 g5 12. Bg3 b5 13. f3 Nb6 14. Qe3 Nc4 15. Bxc4 bxc4 16. Nd2 Rb8 17. Ndb1 Qa5 18. a3 Qc7 19. Bf2 Qb7 20. Na4 Nd7 21. Qa7 Qxa7 22. Bxa7 Rb7 23. Be3 f5 24. Nbc3 f4 25. Bf2 Kf7 26. Rd2 Nf6 27. Rgd1 Rhb8 28. Rxd6 Bxd6 29. Rxd6 a5 30. Ra6 Bd7 31. Nc5 Rc7 32. Rxf6+ Kxf6 33. Nd5+ Kf7 34. Nxc7 Bc8 35. a4 g4 36. Nb5 1-0

[Event "Dhaka Zia Memorial"]
[Site "Dhaka"]
[Date "2025.07.08"]
[Round "6"]
[White "Siam, Chowdhury"]
[Black "Avik, Sarker"]
[Result "1/2-1/2"]
[WhiteElo "2032"]
[BlackElo "1975"]
[PlyCount "37"]
[EventDate "2025.07.05"]
[EventType "swiss"]
[EventRounds "9"]
[EventCountry "BAN"]
[SourceTitle "CB29_2025"]
[SourceDate "2025.07.16"]
[SourceVersion "1"]
[SourceVersionDate "2025.07.16"]
[SourceQuality "1"]

1. e4 e5 2. Nf3 Nf6 3. Nxe5 d6 4. Nf3 Nxe4 5. d4 d5 6. Bd3 Bd6 7. 0-0 0-0 8. c4 c6 9. Nc3 Nxc3 10. bxc3 dxc4 11. Bxc4 Bf5 12. Re1 Nd7 13. Bg5 Qc7 14. Be7 Bxe7 15. Rxe7 Qd6 16. Re3 b5 17. Bd3 Bxd3 18. Qxd3 Rfe8 19. Rae1 1/2-1/2

[Event "Dhaka Zia Memorial"]
[Site "Dhaka"]
[Date "2025.07.07"]
[Round "4"]
[White "Siam, Chowdhury"]
[Black "Khan, Nazrana"]
[Result "1-0"]
[WhiteElo "2032"]
[BlackElo "1862"]
[PlyCount "63"]
[EventDate "2025.07.05"]
[EventType "swiss"]
[EventRounds "9"]
[EventCountry "BAN"]
[SourceTitle "CB29_2025"]
[SourceDate "2025.07.16"]
[SourceVersion "1"]
[SourceVersionDate "2025.07.16"]
[SourceQuality "1"]

1. e4 c5 2. Nc3 Nc6 3. g3 g6 4. Bg2 Bg7 5. d3 e6 6. Be3 Nd4 7. Nce2 d6 8. c3 Nxe2 9. Nxe2 Ne7 10. Qd2 Nc6 11. Bh6 0-0 12. h4 Ne5 13. Bxg7 Kxg7 14. h5 Kg8 15. 0-0-0 Qe7 16. Rdf1 Rb8 17. f4 Nc6 18. g4 b5 19. f5 f6 20. hxg6 hxg6 21. fxg6 Qg7 22. Nf4 e5 23. Rh7 exf4 24. Rxg7+ Kxg7 25. Qxf4 Ne5 26. Kb1 Rb6 27. Rh1 Kxg6 28. Qh6+ Kf7 29. g5 Ke8 30. gxf6 Nxd3 31. Qg6+ Kd8 32. Qg7 1-0

[Event "Asia zt 3.2"]
[Site "Dhaka"]
[Date "2023.05.10"]
[Round "9"]
[White "Kazi Afsan Rawnak, Anan"]
[Black "Siam, Chowdhury"]
[Result "1-0"]
[WhiteElo "1784"]
[BlackElo "1765"]
[PlyCount "47"]
[EventDate "2023.05.02"]
[EventType "swiss"]
[EventRounds "9"]
[EventCountry "BAN"]
[SourceTitle "CBM 214 Extra"]
[Source "ChessBase"]
[SourceDate "2023.07.31"]
[SourceVersion "1"]
[SourceVersionDate "2023.07.31"]
[SourceQuality "1"]

1. e4 c5 2. Nf3 e6 3. d4 cxd4 4. Nxd4 a6 5. Nc3 Qc7 6. g3 Nf6 7. Bg2 d6 8. 0-0 Nbd7 9. a4 Be7 10. f4 Rb8 11. Qe2 b6 12. e5 Nd5 13. Bxd5 exd5 14. Nxd5 Qc5 15. exd6 Qxd4+ 16. Rf2 0-0 17. dxe7 Qxd5 18. exf8Q+ Nxf8 19. Qf3 Qd4 20. Qd3 Qb4 21. Bd2 Qxb2 22. Bc3 Bf5 23. Qd4 Ne6 24. Qe5 1-0

[Event "Asia zt 3.2"]
[Site "Dhaka"]
[Date "2023.05.08"]
[Round "7"]
[White "Ghosh, Chanchal Kumer"]
[Black "Siam, Chowdhury"]
[Result "1-0"]
[WhiteElo "2020"]
[BlackElo "1765"]
[PlyCount "71"]
[EventDate "2023.05.02"]
[EventType "swiss"]
[EventRounds "9"]
[EventCountry "BAN"]
[SourceTitle "CBM 214 Extra"]
[Source "ChessBase"]
[SourceDate "2023.07.31"]
[SourceVersion "1"]
[SourceVersionDate "2023.07.31"]
[SourceQuality "1"]

1. e4 e5 2. Nf3 Nc6 3. d4 exd4 4. Nxd4 Bb4+ 5. c3 Bc5 6. Bc4 Qf6 7. Be3 Ne5 8. Be2 d6 9. f4 Ng6 10. 0-0 N8e7 11. Qd2 h6 12. Nb5 Bxe3+ 13. Qxe3 0-0 14. Nxc7 Rb8 15. f5 Ne5 16. Qxa7 N7c6 17. Qe3 Qd8 18. Nd5 f6 19. Na3 Ne7 20. Rad1 Bd7 21. Nc4 Nxc4 22. Nxe7+ Qxe7 23. Bxc4+ Kh8 24. Rf4 Rfd8 25. Rd3 Bc6 26. Be6 Ra8 27. Rh4 Kh7 28. Qf4 Bd7 29. Bb3 Bc6 30. Rdh3 Qf8 31. Qg3 Qe8 32. Be6 Bd7 33. Rg4 Qe7 34. Rg6 Bxe6 35. Rgxh6+ Kg8 36. Rh8+ 1-0

[Event "Asia zt 3.2"]
[Site "Dhaka"]
[Date "2023.05.06"]
[Round "5"]
[White "Mohammad, Sagar"]
[Black "Siam, Chowdhury"]
[Result "0-1"]
[WhiteElo "1968"]
[BlackElo "1765"]
[PlyCount "72"]
[EventDate "2023.05.02"]
[EventType "swiss"]
[EventRounds "9"]
[EventCountry "BAN"]
[SourceTitle "CBM 214 Extra"]
[Source "ChessBase"]
[SourceDate "2023.07.31"]
[SourceVersion "1"]
[SourceVersionDate "2023.07.31"]
[SourceQuality "1"]

1. e4 e5 2. Nc3 Nc6 3. Bc4 Nf6 4. d3 h6 5. Nf3 Bc5 6. 0-0 d6 7. Na4 Bb6 8. c3 Bg4 9. b4 0-0 10. h3 Bh5 11. Qe2 Ne7 12. Nxb6 axb6 13. a4 Qd7 14. Bb3 b5 15. a5 b6 16. Bd2 bxa5 17. bxa5 c5 18. a6 Qc6 19. g4 Bg6 20. Nh4 Rxa6 21. g5 Rxa1 22. Rxa1 Bh5 23. f3 hxg5 24. Bxg5 d5 25. exd5 Nexd5 26. Qxe5 Re8 27. Qf5 g6 28. Bxd5 Nxd5 29. Ra6 Qxa6 30. Qxd5 Qa1+ 31. Kh2 Qxc3 32. Be7 Qe1 33. Bf6 Qf2+ 34. Ng2 Bxf3 35. Qg5 Bxg2 36. Qxg2 Qxf6 0-1

[Event "BAN-ch U20"]
[Site "Dhaka"]
[Date "2022.02.19"]
[Round "5"]
[White "Siam, Chowdhury"]
[Black "Mortuza Mahathir, Islam"]
[Result "0-1"]
[WhiteElo "1421"]
[BlackElo "1877"]
[PlyCount "108"]
[EventDate "2022.02.15"]
[EventType "swiss"]
[EventRounds "9"]
[EventCountry "BAN"]
[SourceTitle "CBM 207 Extra"]
[Source "ChessBase"]
[SourceDate "2022.05.31"]
[SourceVersion "1"]
[SourceVersionDate "2022.05.31"]
[SourceQuality "1"]

1. e4 c5 2. Nc3 Nc6 3. g3 g6 4. Bg2 Bg7 5. d3 d6 6. Be3 Rb8 7. Nge2 b5 8. Qd2 b4 9. Nd1 Nd4 10. 0-0 e6 11. c3 Nxe2+ 12. Qxe2 bxc3 13. bxc3 Ba6 14. Qd2 Ne7 15. f4 0-0 16. Nf2 Qa5 17. Nd1 d5 18. Rf2 dxe4 19. Bxe4 Nd5 20. Rc1 Nxe3 21. Nxe3 Rfd8 22. c4 Qa3 23. Rd1 Bd4 24. Kf1 Bxe3 25. Qxe3 Bxc4 26. Rdd2 Rb1+ 27. Kg2 Bd5 28. Rfe2 Qc1 29. Qf2 Qa3 30. Rc2 Bxe4+ 31. dxe4 Rd4 32. Red2 Qb4 33. Re2 a5 34. Re3 Rxe4 35. Rxe4 Qxe4+ 36. Kh3 Qd4 37. Qf3 Rb8 38. Qa3 Qb4 39. Qe3 c4 40. Qd4 Rc8 41. Qd7 Qc5 42. Rc3 h5 43. Qd2 Qf5+ 44. Kg2 Qd5+ 45. Qxd5 exd5 46. Kf3 d4 47. Rc1 f5 48. Ke2 Kf7 49. Kd2 Ke6 50. Re1+ Kd6 51. Re5 c3+ 52. Kc2 d3+ 53. Kc1 c2 54. Rb5 d2+ 0-1